May 20th: Birthdays - Statistics

General Stats
  • This quiz has been taken 8 times
  • The average score is 2 of 9
Answer Stats
Year Clue Answer % Correct
1908 Actor in It's A Wonderful Life James Stewart
100%
1946 Actor in Mask Cher
63%
1944 Artist of With A Little Help from my Friends Joe Cocker
25%
1915 Israeli War General Moshe Dayan
25%
1935 President of Uruguay José Mujica
0%
1913 Co-Founder of a technology company Bill Helwett
0%
1944 Co-creator of Red Bull Dietrich Mateschitz
0%
1806 Member of the Parliament of the UK John Mill
0%
1970 Television brodcaster Louis Theroux
0%
No matching quizzes found
Score Distribution
Percent of People with Each Score
Percentile by Number Answered
Your Score History
You have not taken this quiz